Kemtu muanhuai : (Record no. 8914)

MARC details
000 -LEADER
fixed length control field 00381nam a22001457a 4500
003 - CONTROL NUMBER IDENTIFIER
control field GBCCL
005 - DATE AND TIME OF LATEST TRANSACTION
control field 20241126110701.0
008 - FIXED-LENGTH DATA ELEMENTS--GENERAL INFORMATION
fixed length control field 220125b ||||| |||| 00| 0 eng d
040 ## - CATALOGING SOURCE
Transcribing agency gbc
082 ## - DEWEY DECIMAL CLASSIFICATION NUMBER
Classification number SOU KEM
Item number 2020
245 ## - TITLE STATEMENT
Title Kemtu muanhuai :
Remainder of title EBC Lamka North Division
260 ## - PUBLICATION, DISTRIBUTION, ETC.
Place of publication, distribution, etc. Lamka :
Name of publisher, distributor, etc. Division Baptist Youth Fellowship,
Date of publication, distribution, etc. 2020
300 ## - PHYSICAL DESCRIPTION
Extent 151p. ;
942 ## - ADDED ENTRY ELEMENTS (KOHA)
Source of classification or shelving scheme Dewey Decimal Classification
Koha item type Archives
Holdings
Withdrawn status Lost status Source of classification or shelving scheme Damaged status Not for loan Home library Current Library Shelving location Date acquired Total checkouts Full call number Barcode Date last seen Copy number Price effective from Koha item type
    Dewey Decimal Classification     GRACE BIBLE COLLEGE GRACE BIBLE COLLEGE Archives 2022-01-25   SOU KEM 2020 250170 2025-05-01 c.1 2022-01-25 Archives
    Dewey Decimal Classification     GRACE BIBLE COLLEGE GRACE BIBLE COLLEGE Archives 2022-01-25   SOU KEM 2020 250171 2025-05-01 c.2 2022-01-25 Archives
    Dewey Decimal Classification     GRACE BIBLE COLLEGE GRACE BIBLE COLLEGE Archives 2022-01-25   SOU KEM 2020 250172 2025-05-01 c.3 2022-01-25 Archives
    Dewey Decimal Classification     GRACE BIBLE COLLEGE GRACE BIBLE COLLEGE Archives 2022-01-25   SOU KEM 2020 250173 2025-05-01 c.4 2022-01-25 Archives
© Grace Bible College Library 2025